000 00618nam a22002057a 4500
005 20171101104808.0
010 _aENG-120972
020 _c595.00
_a9789352606337
020 _c595.00
_a9352606337
035 _aEN-104504
037 _bDBAD/PUB
082 _a658.4063
100 _aKnott, Anne Marie
245 _aHow innovaion really works /
_cby Anne Marie Knott
260 _aNOIDA
_bMc Graw Hill Education
_c2017
270 _aB-4,Sectors-63, Dist. Gautam Budh Nagar
_bNOIDA
_e201301
300 _axiv,253p.
_c23cm(pbk)
_bill
500 _aIncludes Index
942 _2ddc
_cEN
_h658.4063
_mKNO
999 _c146465
_d146465